| 000 | 01354cam a2200409 a 4500 | ||
|---|---|---|---|
| 001 | 408978 | ||
| 003 | OSt | ||
| 005 | 20140310184239.0 | ||
| 008 | 810417s1981 nyua j 000 0 eng | ||
| 010 | _a 80008728 | ||
| 020 | _a0590431978 | ||
| 040 |
_aDLC _cDLC _dDLC |
||
| 042 | _alcac | ||
| 043 | _an-us--- | ||
| 050 | 0 | 0 |
_aPZ 8.1 _b.Sch287 1981 |
| 100 | 1 |
_aSchwartz, Alvin, _d1927- _924355 |
|
| 245 | 1 | 0 |
_aScary stories to tell in the dark / _ccollected from American folklore by Alvin Schwartz ; with drawings by Stephen Gammell. |
| 250 | _a1st ed. | ||
| 260 |
_aNew York : _bscholastic _c1981. |
||
| 300 |
_a111 p. : _bill. ; _c24 cm. |
||
| 521 | _aG4 | ||
| 526 | _c640 | ||
| 650 | 0 |
_aGhost stories, American. _921508 |
|
| 650 | 0 |
_aTales _yUnited States. _924356 |
|
| 650 | 1 |
_aGhosts _xFolklore. _924357 |
|
| 650 | 1 |
_aHorror stories. _93825 |
|
| 650 | 1 |
_aFolklore _zUnited States. _924358 |
|
| 700 | 1 |
_aGammell, Stephen, _eill. _924359 |
|
| 856 | 4 | 2 |
_3Publisher description _uhttp://www.loc.gov/catdir/description/hc042/80008728.html |
| 856 | 4 | 2 |
_3Contributor biographical information _uhttp://www.loc.gov/catdir/enhancements/fy0911/80008728-b.html |
| 906 |
_a7 _bcbc _corignew _d1 _eocip _f19 _gy-gencatlg |
||
| 942 |
_2lcc _cBK-SCHOLAS |
||
| 999 |
_c33241 _d33241 |
||